000 00598nam a22002057a 4500
003 OSt
005 20160929151227.0
008 160310b xxu||||| |||| 00| 0 eng d
020 _a 978-1-84996-244-5
040 _cDDC.
082 _a658.5ENT 2010.
100 _aEditors Wang,Lihui;Koh,Lenny;
_97241
245 _aEnterprise Networks and Logistics for Agile manufacturing
260 _aNew Delhi.
_bSpringer.
_c2010.
300 _a55p;
_bill;
_c30cm
504 _aReferences, & index included
650 _aComputer networks
_97242
650 _aLogistics management
_911120
942 _2ddc
_cSLOAN
999 _c3224
_d3224